000 00286nam a2200121Ia 4500
008 230511s1955 xx 000 0 und d
041 _aeng
082 _a348.044
100 _aAgarwalla
245 _aSupreme Court Digest 1955-56
260 _c1955
906 _aSupreme Court Cases
999 _c353849
_d353849